Every "Weird Al" Yankovic Parody - Statistics

General Stats
  • This quiz has been taken 108 times
    101 since last reset
  • The average score is 38 of 64
Answer Stats
Song Parodied Year Answer % Correct
Beat It by Michael Jackson 1984 Eat It
95%
I Love Rock N' Roll by Joan Jett 1983 I Love Rocky Road
95%
Another One Bites the Dust by Queen 1983 Another One Rides the Bus
94%
Bad by Michael Jackson 1988 Fat
94%
Like a Virgin by Madonna 1985 Like a Surgeon
92%
Smells Like Teen Spirit by Nirvana 1992 Smells Like Nirvana
89%
My Sharona by The Knack 1983 My Bologna
88%
Gangsta's Paradise by Coolio ft. LV 1996 Amish Paradise
86%
Party in the USA by Miley Cyrus 2011 Party in the CIA
85%
American Idiot by Green Day 2006 Canadian Idiot
83%
Happy by Pharrell 2014 Tacky
83%
Jeopardy by Greg Kihn 1984 I Lost on Jeopardy
82%
I Want It That Way by Backstreet Boys 2003 eBay
80%
Mickey by Toni Basil 1983 Ricky
80%
Lola by The Kinks 1985 Yoda
80%
Born This Way by Lady Gaga 2011 Perform This Way
78%
Royals by Lorde 2014 Foil
77%
American Pie by Don McLean 1999 The Saga Begins
77%
Ridin' by Chamillionaire ft. Krayzie Bone 2006 White & Nerdy
75%
Girls Just Want to Have Fun by Cyndi Lauper 1985 Girls Just Want to Have Lunch
74%
Blurred Lines by Robin Thicke ft. T.I. and Pharrell 2014 Word Crimes
72%
Lump by Presidents of the USA 1996 Gump
71%
Pretty Fly by The Offspring 1999 Pretty Fly for a Rabbi
69%
La Bamba by Los Lobos 1988 Lasagna
65%
Living in America by James Brown 1986 Living with a Hernia
65%
Lose Yourself by Eminem 2003 Couch Potato
60%
I Think We're Alone Now by Tiffany 1988 I Think I'm a Clone Now
58%
It's All About the Benjamins by Puff Daddy 1999 It's All About the Pentiums
58%
I Want a New Drug by Huey Lewis 1985 I Want a New Duck
58%
Achy Breaky Heart by Billy Ray Cyrus 1993 Achy Breaky Song
55%
You Belong With Me by Taylor Swift 2011 TMZ
55%
Trapped in the Closet by R. Kelly 2006 Trapped in the Drive-Thru
55%
U Can't Touch This by MC Hammer 1992 I Can't Watch This
54%
Fancy by Iggy Azalea 2014 Handy
52%
Piano Man by Billy Joel 2003 Ode to a Superhero
51%
Addicted to Love by Robert Palmer 1986 Addicted to Spuds
49%
King of Pain by The Police 1984 King of Suede
49%
Livin' on the Edge by Aerosmith 1993 Livin' in the Fridge
48%
Stop Draggin' My Heart Around by Tom Petty ft. Stevie Nicks 1983 Stop Draggin' My Car Around
48%
MacArthur Park by Richard Harris 1993 Jurassic Park
46%
Complicated by Avril Lavigne 2003 Complicated Song
45%
Eye of the Tiger by Survivor 1984 Theme from Rocky XIII (Rye or the Kaiser)
45%
Whatever You Like by T.I. 2011 Whatever You Like
45%
Money For Nothing by Dire Straits 1989 Beverly Hillbillies
43%
Radioactive by Imagine Dragons 2014 Inactive
43%
Waterfalls by TLC 1996 Phony Calls
43%
Nothin' on You by B.O.B. ft. Bruno Mars 2011 Another Tattoo
42%
Who's Johnny? by El DeBarge 1986 Here's Johnny
42%
Confessions Part 2 by Usher 2006 Confessions Part 3
40%
Zoot Suit Riot by Cherry Poppin' Daddies 1999 Grapefruit Diet
40%
Rico Suave by Gerardo 1992 Taco Grande
40%
The Safety Dance by Men Without Hats 1984 The Brady Bunch
40%
Ruthless People by Mick Jagger 1986 Toothless People
40%
Do I Make You Proud by Taylor Hicks 2006 Do I Creep You Out
38%
One Week by Barenaked Ladies 1999 Jerry Springer
38%
Mony Mony by Billy Idol 1988 Alimony
37%
You Got It by New Kids on the Block 1992 The White Stuff
37%
She Drives Me Crazy by Fine Young Cannibals 1989 She Drives Like Crazy
35%
Stand by R.E.M. 1989 Spam
35%
Got My Mind Set on You by George Harrison 1988 (This Song's Just) Six Words Long
35%
Wild Thing by Tone Loc 1989 Isle Thing
32%
Hot in Herre by Nelly 2003 Trash Day
32%
Hold Me, Thrill Me, Kiss Me, Kill Me by U2 1996 Cavity Search
31%
Misery by Soul Asylum 1996 Syndicated Inc.
31%
No matching quizzes found
Score Distribution
Percent of People with Each Score
Percentile by Number Answered
Your Score History
You have not taken this quiz since the last reset